<?xml version="1.0" encoding="UTF-8"?><?xml-stylesheet type="text/xsl" href="static/style.xsl"?><OAI-PMH xmlns="http://www.openarchives.org/OAI/2.0/" xmlns:xsi="http://www.w3.org/2001/XMLSchema-instance" xsi:schemaLocation="http://www.openarchives.org/OAI/2.0/ http://www.openarchives.org/OAI/2.0/OAI-PMH.xsd"><responseDate>2026-04-16T22:28:24Z</responseDate><request verb="GetRecord" identifier="oai:www.recercat.cat:11351/11067" metadataPrefix="marc">https://recercat.cat/oai/request</request><GetRecord><record><header><identifier>oai:recercat.cat:11351/11067</identifier><datestamp>2024-06-06T08:38:23Z</datestamp><setSpec>com_2072_378070</setSpec><setSpec>com_2072_378040</setSpec><setSpec>col_2072_378092</setSpec></header><metadata><record xmlns="http://www.loc.gov/MARC21/slim" xmlns:dcterms="http://purl.org/dc/terms/" xmlns:xsi="http://www.w3.org/2001/XMLSchema-instance" xmlns:doc="http://www.lyncode.com/xoai" xsi:schemaLocation="http://www.loc.gov/MARC21/slim http://www.loc.gov/standards/marcxml/schema/MARC21slim.xsd">
   <leader>00925njm 22002777a 4500</leader>
   <datafield ind2=" " ind1=" " tag="042">
      <subfield code="a">dc</subfield>
   </datafield>
   <datafield ind2=" " ind1=" " tag="720">
      <subfield code="a">Brahmer, Julie Renee</subfield>
      <subfield code="e">author</subfield>
   </datafield>
   <datafield ind2=" " ind1=" " tag="720">
      <subfield code="a">Hamid, Omid</subfield>
      <subfield code="e">author</subfield>
   </datafield>
   <datafield ind2=" " ind1=" " tag="720">
      <subfield code="a">Garon, Edward</subfield>
      <subfield code="e">author</subfield>
   </datafield>
   <datafield ind2=" " ind1=" " tag="720">
      <subfield code="a">Herbst, Roy</subfield>
      <subfield code="e">author</subfield>
   </datafield>
   <datafield ind2=" " ind1=" " tag="720">
      <subfield code="a">Long, Georgina</subfield>
      <subfield code="e">author</subfield>
   </datafield>
   <datafield ind2=" " ind1=" " tag="720">
      <subfield code="a">André, Thierry</subfield>
      <subfield code="e">author</subfield>
   </datafield>
   <datafield ind2=" " ind1=" " tag="720">
      <subfield code="a">Tabernero, Josep</subfield>
      <subfield code="e">author</subfield>
   </datafield>
   <datafield ind2=" " ind1=" " tag="260">
      <subfield code="c">2024-02-19T08:14:11Z</subfield>
   </datafield>
   <datafield ind2=" " ind1=" " tag="260">
      <subfield code="c">2024-02-19T08:14:11Z</subfield>
   </datafield>
   <datafield ind2=" " ind1=" " tag="260">
      <subfield code="c">2024-03</subfield>
   </datafield>
   <datafield ind2=" " ind1=" " tag="520">
      <subfield code="a">Neoplasms; Pembrolizumab; Safety</subfield>
   </datafield>
   <datafield ind2=" " ind1=" " tag="520">
      <subfield code="a">Neoplàsies; Pembrolizumab; Seguretat</subfield>
   </datafield>
   <datafield ind2=" " ind1=" " tag="520">
      <subfield code="a">Neoplasias; Pembrolizumab; Seguridad</subfield>
   </datafield>
   <datafield ind2=" " ind1=" " tag="520">
      <subfield code="a">Background&#xd;
Pembrolizumab has a manageable safety profile as described in its label, which was primarily based on 2799 patients who participated in clinical trials for melanoma or non-small cell lung cancer. Here, we evaluated the safety of pembrolizumab in a broader population of patients from 31 advanced cancer clinical trials across 19 cancer types.&#xd;
Methods&#xd;
Safety was analyzed in patients who received at least one dose of pembrolizumab (200 mg every 3 weeks [Q3W], 10 mg/kg Q2W or Q3W, or 2 mg/kg Q3W). Adverse events (AEs) and immune-mediated AEs and infusion reactions were evaluated.&#xd;
Results&#xd;
Safety data from 8937 patients in 31 trials of pembrolizumab monotherapy were pooled (median, seven administrations; range, 1−59). Median duration on treatment was 4.1 months (range, 0.03−40.1). AEs occurred in 96.6% of patients. Grade 3−5 AEs occurred in 50.6% of patients. AEs led to pembrolizumab discontinuation in 12.7% of patients and death in 5.9%. Immune-mediated AEs and infusion reactions occurred in 23.7% of patients (4.6% experienced multiple immune-mediated AEs/infusion reactions) and led to pembrolizumab discontinuation in 3.6% and death in 0.2%. Grade 3−5 immune-mediated AEs occurred in 6.3% of patients. Serious immune-mediated AEs and infusion reactions occurred in 6.0% of patients. Median time to immune-mediated AE onset was 85 days (range, 13–163). Of 2657 immune-mediated AEs, 22.3% were initially treated with prednisone ≥ 40 mg/day or equivalent, and 8.3% were initially treated with lower steroid doses.&#xd;
Conclusions&#xd;
This pooled analysis of 31 clinical trials showed that pembrolizumab has a consistent safety profile across indications.</subfield>
   </datafield>
   <datafield ind2=" " ind1=" " tag="520">
      <subfield code="a">Funding for this study was provided by Merck Sharp &amp; Dohme LLC, a subsidiary of Merck &amp; Co., Inc., Rahway, NJ, USA (MSD). The funder participated in study design, data analysis and interpretation, and manuscript writing. This work was also supported by a grant from the National Cancer Institute, USA Kidney SPORE (5P50CA101942).</subfield>
   </datafield>
   <datafield ind1="8" ind2=" " tag="024">
      <subfield code="a">http://hdl.handle.net/11351/11067</subfield>
   </datafield>
   <datafield tag="653" ind2=" " ind1=" ">
      <subfield code="a">Pulmons - Càncer - Tractament</subfield>
   </datafield>
   <datafield tag="653" ind2=" " ind1=" ">
      <subfield code="a">Anticossos monoclonals - Ús terapèutic</subfield>
   </datafield>
   <datafield tag="653" ind2=" " ind1=" ">
      <subfield code="a">DISEASES::Neoplasms::Neoplasms by Site::Thoracic Neoplasms::Respiratory Tract Neoplasms::Lung Neoplasms::Bronchial Neoplasms::Carcinoma, Bronchogenic::Carcinoma, Non-Small-Cell Lung</subfield>
   </datafield>
   <datafield tag="653" ind2=" " ind1=" ">
      <subfield code="a">Other subheadings::Other subheadings::Other subheadings::/drug therapy</subfield>
   </datafield>
   <datafield tag="653" ind2=" " ind1=" ">
      <subfield code="a">CHEMICALS AND DRUGS::Amino Acids, Peptides, and Proteins::Proteins::Blood Proteins::Immunoproteins::Immunoglobulins::Antibodies::Antibodies, Monoclonal::Antibodies, Monoclonal, Humanized</subfield>
   </datafield>
   <datafield tag="653" ind2=" " ind1=" ">
      <subfield code="a">Other subheadings::Other subheadings::/therapeutic use</subfield>
   </datafield>
   <datafield tag="653" ind2=" " ind1=" ">
      <subfield code="a">ENFERMEDADES::neoplasias::neoplasias por localización::neoplasias torácicas::neoplasias del tracto respiratorio::neoplasias pulmonares::neoplasias de los bronquios::carcinoma broncogénico::carcinoma de pulmón de células no pequeñas</subfield>
   </datafield>
   <datafield tag="653" ind2=" " ind1=" ">
      <subfield code="a">Otros calificadores::Otros calificadores::Otros calificadores::/farmacoterapia</subfield>
   </datafield>
   <datafield tag="653" ind2=" " ind1=" ">
      <subfield code="a">COMPUESTOS QUÍMICOS Y DROGAS::aminoácidos, péptidos y proteínas::proteínas::proteínas sanguíneas::inmunoproteínas::inmunoglobulinas::anticuerpos::anticuerpos monoclonales::anticuerpos monoclonales humanizados</subfield>
   </datafield>
   <datafield tag="653" ind2=" " ind1=" ">
      <subfield code="a">Otros calificadores::Otros calificadores::/uso terapéutico</subfield>
   </datafield>
   <datafield ind2="0" ind1="0" tag="245">
      <subfield code="a">Safety profile of pembrolizumab monotherapy based on an aggregate safety evaluation of 8937 patients</subfield>
   </datafield>
</record></metadata></record></GetRecord></OAI-PMH>